Telefónna búdka. Harmonika

Bibliographic Details
Main Author: Pém, Karol, 1942-1993 (Author)
Other Authors: Boďa, Miloš, 1953- (gup)
Format: Article
Language:Slovak
Subjects:

MARC

LEADER 00000nab a2200000 a 4500
001 vtls000213684
003 SK-MaSNL
005 20260302203721.0
008 111130c1985 xo 0 slo
015 |a SNBRB19rr/mm-uuuuu 
035 |a CL0223798 
040 |a SNKBUCL  |b slo  |c SNKBUCL  |e AACR2 
041 0 |a slo 
044 |a xo  |c SK 
080 |a 885.4-3(087.5)  |2 1981 
100 1 |a Pém, Karol,  |d 1942-1993  |4 aut  |9 109793 
245 1 0 |a Telefónna búdka. Harmonika  |c Karol Pém ; Miloš Boďa 
650 0 7 |a mikropoviedky  |2 snkbucl  |9 612276 
655 7 |a články z novín a časopisov  |2 snkbucl  |9 267496 
655 7 |a články z odboru literárna veda a krásna literatúra  |2 snkbucl  |9 770045 
700 1 |a Boďa, Miloš,  |d 1953-  |4 gup  |9 20820 
773 0 |t Zornička  |g Roč. 37, č. 15 (1985), s. 4-5 
850 |a Slovenská národná knižnica v Martine  |a MTA001 
852 |a SNK  |b KIS3GCP 
958 |a RK 
958 |a LX 
992 |a RBX 
999 |c 1470338  |d 1472268